000 00563cam a22001691 4500
082 _a624.1775
_bPIP
_cL-14, P-7
100 1 _aPippard, Alfred John Sutton,
_942342
245 1 2 _aA study of the voussoir arch,
_cby A. J. Sutton Pippard and Letitia Chitty.
260 _aLondon,
_bH. M. Stationery Off.,
_c1951.
300 _a 52 p.
_billus.
_c25 cm.
490 0 _aNational building studies. Research paper,
526 _a0
_b0
_c0
_d624_177500000000000_PIP
650 0 _aArches.
_943021
650 0 _aMCE
_9379
700 1 _aChitty, Letitia,
_943022
942 _2ddc
_cBK
999 _c546823
_d546823